000 01748nam a2200217Ia 4500
003 Ost
005 20260507075705.0
008 260507s9999||||xx |||||||||||||| ||und||
020 _a9789947781913
040 _cfsecg
041 _aara
082 _a338.9
100 _aفلاق، محمد
_eمؤلف
245 0 _aالدور السوسيو-اقتصادي للمؤسسات الناشئة في دعم خطط التنمية المستدامة /
_c محمد فلاق
260 _aالجزائر:
_bالنشر الجامعي الجديد,
_c2022
300 _a399 صفحة؛
_bجداول
_c24 سم
504 _aمراجع ص.397 - كتاب جماعي لمجموعة من المؤلفين.
520 _aحوكمة الشركات الناشئة، البيئة الريادية المتنامية للمؤسسات الناشئة وانعكاساتها على الجانب السوسيو-اقتصادي: تقييم الفرص والتحديات في المملكة العربية السعودية، المسؤولية الاجتماعية للمقاولات في إطار التوجه نحو الاستدامة،أهمية الحوكمة ودورها في تفعيل نمو المؤسسات الناشئة، حالة المؤسسات الناشئة في الجزائر، فاعلية تطبيق برامج المسؤولية الاجتماعية ودورها في استمرارية المؤسسات الناشئة وتطويرها قراءة سوسيولوجية تحليلية، المسؤولية البيئية والاجتماعية مدخل لمساهمة المؤسسات الناشئة في تحقيق التنمية المستدامة، حالة الجزائر....
653 _aالتنمية الاقتصادية
942 _cكتاب
999 _c45868
_d45868